000
00224nam a22000857a 4500
008
170617b xxu||||| |||| 00| 0 eng d
100
_9
3501
_a
Rao. I
245
_a
Learning science biology & life
260
_a
New Delhi
_b
N. B. T
_c
2006
999
_c
6885
_d
6885